000 01801nam0a22003611 4500
001 rc\2284683
005 20110829191855.5
021 _aRU
_b76-27488
035 _a(NLR Aleph) 006564650
090 _a6880612
_c6880612
100 _a20110829d1976 |||y0rusy50 ca
101 0 _arus
102 _aRU
105 _aa z |||||
200 1 _aСистемы вертикального транспорта в зданиях и сооружениях
_f[Канд. техн. наук Л.И. Вольф-Троп, С.М. Ройтбурд]
_gЦентр. науч.-исслед. ин-т информации и техн.-экон. исследований по строит., дор. и коммун. машиностроению
210 _aМосква
_cЦНИИТЭстроймаш
_d1976
215 _a37 с.
_cил.
_d21
225 1 _aОбзорная информация
_iСерия "Подъемно-транспортное и сваебойное оборудование. Башенные краны. Лифты"
_v12-76-2
300 _aВ вып. дан. авт.: Лев Иосифович Вольф-Троп
320 _aСписок лит.: с. 35-36 (13 назв.)
606 _aЛифты
_xПроектирование
_2psbo
606 _aЭскалаторы
_xПроектирование
_2psbo
686 _aО923.1,0
_2rubbk
700 1 _6z01790
_aВольф-Троп
_bЛ. И.-Г.
_gЛев Иосифович-Гиршович
701 1 _aРойтбурд
_bС. М.
_gСемен Мусиевич
790 1 _6z01700
_aТроп
_bЛ. И.-Г.
_gЛев Иосифович-Гиршович
801 0 _aRU
_bNLR
_gpsbo
801 1 _aRU
_bELAR
_2rusmarc
852 _aNLR
_j76-6/5225
899 _aRuMoRGB
_jБ 76-54/674
899 _aRuMoRGB
_jБ 76-54/675
942 _cBOOK
980 _aNB